Allah pencipta alam

Bibliographic Details
Main Author: Ab. Aziz Mohd. Zin
Format: Book
Published: Kuala Lumpur : DBP , 1994
Series:Siri pengenalan Islam buku 2
Subjects:

MARC

LEADER 00000cam a2200000 7i4500
001 0000003525
002 000003795
005 20000330.0
020 |a 9836235426 
090 0 0 |a J 297   |b ABD 
100 1 |a Ab. Aziz Mohd. Zin 
245 1 0 |a Allah pencipta alam   |c Ab.Aziz Mohd Zin 
260 |a Kuala Lumpur :   |b DBP ,   |c 1994 
300 |a 21p. ;   |c 24cm. 
490 0 |a Siri pengenalan Islam buku 2 
650 0 0 |a God (Islam)   |x Juvenile literature 
999 |a 036993   |b BUKU   |c PINJAMAN   |e PERPUSTAKAAN KOMUNITI PETALING JAYA